| 000 | 00432nam a2200169Ia 4500 | ||
|---|---|---|---|
| 003 | 0STCL | ||
| 008 | 150530s9999 xx 000 0 und d | ||
| 040 |
_aSTCL _cSTCL |
||
| 100 | _aWilson, D. | ||
| 245 | _aNursery Managementum Poonthotta Nirmanavum | ||
| 260 |
_bState Institute of Lanagauge; Trivandrum _c100 _aTrivandrum |
||
| 300 | _a0 | ||
| 546 | _aMalayalam | ||
| 942 |
_2ddc _cBK |
||
| 999 |
_c17802 _d17802 |
||
| 005 | 20220125165815.0 | ||